000 00371nam a2200157Ia 4500
005 20240807061944.0
008 240806s9999||||xx |||||||||||||| ||eng||
041 _aeng
082 _a612
_bGUYT
100 _aGuylon & Hall
245 0 _aText book of medical physiology /
_cGuylon & Hall
260 _bReed Alsevier
300 _a907p.
650 _aZoology
942 _cBK
999 _c4039
_d4039